000 00382 a2200169 4500
001 182665
020 _a978-85-08-13197-6
040 _cMagnum
100 _aAlencar, José de
240 1 0 _aCinco minutos / A viuvinha *R*
_lpor
245 1 0 _aCinco minutos / A viuvinha *R*
300 _a135
362 0 _a2011
440 1 _aÁtica
697 _aLITERATURA GERAL
942 _cBK
999 _c182665
_d182665